| 000 | 00000nas##2200000za#4500 |
| 001 | 9.507596 |
| 003 | CaOODSP |
| 005 | 20200325094404 |
| 007 | cr ||||||||||| |
| 008 | 150406c2005||||xxc|| p o||||f| |0eng|d |
| 040 | |aCaOODSP|beng |
| 043 | |an-cn--- |
| 086 | 1 |aNH2-2E-PDF |
| 110 | 1 |aCanada. |bCanada Mortgage and Housing Corporation. |bMarket Analysis Centre. |
| 245 | 10|aConsumer intentions to buy or renovate a home : |h[electronic resource]|bmajor markets highlights |
| 260 | |aOttawa - Ontario : |bCanada Mortgage and Housing Corporation. |
| 310 | |aAnnual |
| 362 | 1 |a2005 - 2006 |
| 690 | 07|aConsumers|2gcpds |
| 690 | 07|aHome renovations|2gcpds |
| 690 | 07|aHousing|2gcpds |
| 775 | 08|tIntentions d'achat ou de rénovations des consommateurs : |w(CaOODSP)9.503981 |